00805nam a22002294a 450000500170000000800410001701000140005802000230007203500130009503700150010804000180012308200100014110000180015124500480016926000370021727000890025430000280034365000210037194200240039299900170041695201420043320040707122103.0000731s2001 nyua b 001 0 eng  aENG-92210 a8187134984c175.00 aEN-75743 bDBAD / PUB adplbEnglish  a531.3 aMollah, S.A.  aDynamics of rigid bodies /cby S.A. Mollah  aKolkatabBooks And Allied c2007 aNo.1-E(1), 'Shubham Plaza' (Ist Floor) 83/1, Beliaghata Main Road, bKolkatae700010 a323, ip. c22 cm (pbk)  aDynamics, Rigid. 2ddccENmMOLh531.3 c19941d19941 00102ddc40718NFICaDBADbDBADd2008-12-16eDBAD / PUBg175.00l0o531.3 MOLpEN-75743r2008-12-16 00:00:00t1v175.00w2008-12-16yEN